| 000 | 01086nas a2200301 4500 | ||
|---|---|---|---|
| 001 | BR2013009461 | ||
| 003 | BR-BrBNA | ||
| 005 | 20231205123333.0 | ||
| 007 | ta | ||
| 008 | 230509b bl.|||p| |||| 00| 00por d | ||
| 040 |
_aBR-BrBNA _bpor _cBiblioteca Nacional de Agricultura |
||
| 041 | _a(Pt) | ||
| 072 | _aP01 | ||
| 100 | 1 | _aMoraes, W.V. de | |
| 100 | 1 | _aRibeiro, G.A. | |
| 100 | 1 | _aLima, G.S. | |
| 100 | 1 | _aGonçalves, W. | |
| 245 | 1 | _aZoneamento do distrito de rancharia, município de Lima Duarte, MG, entorno do parque estadual da Serra do Ibitipoca, com fins de manejo do ecoturismo | |
| 246 | 1 | _aZoning of the surrounding area of ibitipoca mountain range state park aiming at ecotourism management | |
| 650 | _aPARQUE ESTADUAL | ||
| 650 | _aTURISMO | ||
| 650 | _aNATUREZA | ||
| 650 | _a | ||
| 773 | 0 |
_tRevista Árvore (Brazil) _xISSN 0100-6762 _g(Jul-Aug 2008), v. 32(4) p. 751-758 _wBR2013009461 |
|
| 856 | 4 |
_uhttp://www.scielo.br/pdf/rarv/v32n4/a17v32n4.pdf _yRecurso eletrônico (PDF) |
|
| 909 |
_a202311 _bLúcia _c55 _dLúcia Elande |
||
| 942 |
_2AGRIS _n0 _cANA |
||
| 999 |
_c233397 _d233397 |
||